Reform in school mathematics and authentic assessment /

Bibliographic Details
Other Authors: Romberg, Thomas A.
Format: Book
Language:English
Published: Albany : State University of New York Press, [1995]
Series:SUNY series, reform in mathematics education.
Subjects:

MARC

Tag First Indicator Second Indicator Subfields
LEADER 00000cam a2200000 a 4500
001 in00001243721
005 20151003071045.0
008 940304s1995 nyua b s001 0 eng
010 |a  94007946  
020 |a 0791421619 
020 |a 0791421627 (pbk.) 
035 |a (OCoLC)30078955 
035 |9 AGT3499AM 
040 |a DLC  |c DLC  |d TXA  |d UtOrBLW 
043 |a n-us--- 
049 |a TXAM 
050 0 0 |a QA13  |b .R437 1995 
082 0 0 |a 510/.76  |2 20 
245 0 0 |a Reform in school mathematics and authentic assessment /  |c Thomas A. Romberg, editor. 
264 1 |a Albany :  |b State University of New York Press,  |c [1995] 
264 4 |c ©1995 
300 |a viii, 291 pages :  |b illustrations ;  |c 24 cm. 
336 |a text  |b txt  |2 rdacontent 
337 |a unmediated  |b n  |2 rdamedia 
338 |a volume  |b nc  |2 rdacarrier 
490 1 |a SUNY series, reform in mathematics education 
504 |a Includes bibliographical references and indexes. 
650 0 |a Mathematics  |x Study and teaching  |z United States  |x Evaluation. 
650 0 |a Mathematical ability  |x Testing. 
700 1 |a Romberg, Thomas A. 
830 0 |a SUNY series, reform in mathematics education. 
999 |a MARS 
999 f f |s 7ed1d9e3-0625-3dad-b92f-b3c924c16e83  |i aa045a47-df7c-3590-a731-b5ea6a8c5363  |t 0 
952 f f |p normal  |a Texas A&M University  |b College Station  |c Sterling C. Evans Library  |d Evans: Library Stacks  |t 0  |e QA13 .R437 1995  |h Library of Congress classification  |i unmediated -- volume  |m A14819153176 
998 f f |a QA13 .R437 1995  |t 0  |l Evans: Library Stacks